It looks like you're offline.
Open Library logo
additional options menu

MARC record from Internet Archive

LEADER: 02219cam a2200589 a 4500
001 3262010
003 NOBLE
005 20150430185121.0
008 120709r20122010mnua c 000 1 eng c
010 $a 2012027670
040 $aNJQ/DLC$beng$cZQP$dDLC$dBTCTA$dBDX$dOCLCO$dQBX$dNOG
020 $a9781434237729 (library binding)
020 $a1434237729 (library binding)
020 $a9781434248930
020 $a1434248933
035 $a(OCoLC)777631302
042 $alcac$apcc
043 $aah-----
050 00 $aPZ7.B915966$bAv 2012
082 00 $a[Fic]$223
082 00 $a823.914$223
049 $aNOGA
100 1 $aBurchett, Jan.
245 10 $aAvalanche alert /$cJ. Burchett & S. Vogler ; [interior by Diane Le Feyer of Cartoon Saloon].
260 $aNorth Mankato, Minn. :$bStone Arch Books,$c[c2012].
300 $a146 p. :$bill. ;$c20 cm.
490 0 $aWild rescue ;$v7
500 $a"A Capstone imprint."
500 $aOriginally published: London : Stripes, 2010.
521 1 $a008-011.
521 0 $aRL: 3.0.
521 0 $aGRL: Q.
520 $aA snow leopard and her cubs have been separated from their territory by an avalanche in the Himalaya Mountains, and it is up to Ben and Zoe to find the rare cats and guide them to safety before the local villagers poison them.
650 0 $aTwins$vJuvenile fiction.
650 0 $aBrothers and sisters$vJuvenile fiction.
650 0 $aSnow leopard$vJuvenile fiction.
650 0 $aAnimal rescue$zHimalaya Mountains$vJuvenile fiction.
650 0 $aAdventure stories.
651 0 $aHimalaya Mountains$vJuvenile fiction.
650 1 $aTwins$vFiction.
650 1 $aBrothers and sisters$vFiction.
650 1 $aSnow leopard$vFiction.
650 1 $aAnimal rescue$vFiction.
650 1 $aAdventure and adventurers$vFiction.
651 1 $aHimalaya Mountains$vFiction.
655 0 $aAdventure stories.
700 1 $aVogler, Sara.
700 1 $aLe Feyer, Diane,$eill.
919 4 $a31867003085219
990 $aNobcw 02-19-2013
901 $a3262010$b$c3262010$tbiblio$sSystem Local
852 4 $agaaagpl$bPANO$bPANO$cStacks 2$jFICTION B894WR7$gbook$p31867003085219$y9.95$xnonreference$xunholdable$xcirculating$xhidden$zAvailable